000 00295nam a22001337a 4500
008 181018b xxu||||| |||| 00| 0 eng d
020 _a9780673388292
041 _aeng
080 _26th
_a510
100 _a37
101 _aMAT
245 _aMathematical Ideas
_cMiller, Ch.D
942 _2udc
_cBK
999 _c50130
_d50130